<?xml version="1.0" encoding="UTF-8"?>
<record
    xmlns:xsi="http://www.w3.org/2001/XMLSchema-instance"
    xsi:schemaLocation="http://www.loc.gov/MARC21/slim http://www.loc.gov/standards/marcxml/schema/MARC21slim.xsd"
    xmlns="http://www.loc.gov/MARC21/slim">

  <leader>01015nam a22002057a 4500</leader>
  <datafield tag="999" ind1=" " ind2=" ">
    <subfield code="c">2373</subfield>
    <subfield code="d">2373</subfield>
  </datafield>
  <controlfield tag="003">AR-CdUCM</controlfield>
  <controlfield tag="008">190304b           ||||| |||| 00| 0 spa d</controlfield>
  <datafield tag="040" ind1=" " ind2=" ">
    <subfield code="a">MUNICIPALIDAD PROVINCIAL DEL CUSCO</subfield>
    <subfield code="c">BIBLIOTECA MUNICIPAL DEL CUSCO</subfield>
  </datafield>
  <datafield tag="082" ind1=" " ind2=" ">
    <subfield code="a">344.2 / </subfield>
    <subfield code="b">C33 </subfield>
  </datafield>
  <datafield tag="100" ind1=" " ind2=" ">
    <subfield code="a">Casta&#xF1;eda Sanchez, Miguel G.</subfield>
  </datafield>
  <datafield tag="245" ind1=" " ind2=" ">
    <subfield code="a">Derecho penal, parte especial : </subfield>
    <subfield code="b">Delitos contra el patrimonio / </subfield>
  </datafield>
  <datafield tag="260" ind1=" " ind2=" ">
    <subfield code="a">Cusco : </subfield>
    <subfield code="b">Imprenta Amauta S.A.Ltda, </subfield>
    <subfield code="c">2003.</subfield>
  </datafield>
  <datafield tag="300" ind1=" " ind2=" ">
    <subfield code="a">331 p&#xE1;ginas ; </subfield>
    <subfield code="c">20.5 cm.</subfield>
  </datafield>
  <datafield tag="505" ind1=" " ind2=" ">
    <subfield code="a">Contenido: Modelos de derecho penal -- Sistemas para analizar delitos -- Funciones del derecho penal -- Clasificaci&#xF3;n de delitos patrimoniales -- Tipolog&#xED;a delictiva seg&#xFA;n nuestro C.P. -- Delito de Hurto -- Delito de robo -- Robo Agravado o calificado -- Delito de abigeato -- Delitos de apropiaci&#xF3;n il&#xED;cita ... </subfield>
  </datafield>
  <datafield tag="650" ind1=" " ind2=" ">
    <subfield code="a">Derecho Penal  - Per&#xFA;</subfield>
    <subfield code="9">8529</subfield>
  </datafield>
  <datafield tag="650" ind1=" " ind2=" ">
    <subfield code="a">Delitos contra el patrimonio - Ley</subfield>
    <subfield code="9">8530</subfield>
  </datafield>
  <datafield tag="650" ind1=" " ind2=" ">
    <subfield code="a">Leyes - Patrimonio</subfield>
    <subfield code="9">8531</subfield>
  </datafield>
  <datafield tag="942" ind1=" " ind2=" ">
    <subfield code="2">ddc</subfield>
    <subfield code="c">LIBROS</subfield>
  </datafield>
  <datafield tag="945" ind1=" " ind2=" ">
    <subfield code="a">lccs</subfield>
    <subfield code="d">2019-03-04</subfield>
  </datafield>
  <datafield tag="952" ind1=" " ind2=" ">
    <subfield code="0">0</subfield>
    <subfield code="2">ddc</subfield>
    <subfield code="4">0</subfield>
    <subfield code="7">0</subfield>
    <subfield code="a">SH</subfield>
    <subfield code="b">SH</subfield>
    <subfield code="c">CART</subfield>
    <subfield code="d">2019-03-04</subfield>
    <subfield code="g">35.00</subfield>
    <subfield code="o">344.2 /  C33</subfield>
    <subfield code="p">SH0000002364</subfield>
    <subfield code="r">2019-03-04</subfield>
    <subfield code="y">LIBROS</subfield>
  </datafield>
  <datafield tag="952" ind1=" " ind2=" ">
    <subfield code="0">0</subfield>
    <subfield code="2">ddc</subfield>
    <subfield code="4">0</subfield>
    <subfield code="7">0</subfield>
    <subfield code="a">SH</subfield>
    <subfield code="b">SH</subfield>
    <subfield code="c">CART</subfield>
    <subfield code="d">2019-03-04</subfield>
    <subfield code="g">35.00</subfield>
    <subfield code="o">344.2 /  C33 / e.2</subfield>
    <subfield code="p">SH0000002365</subfield>
    <subfield code="r">2019-03-04</subfield>
    <subfield code="t">2 ej.</subfield>
    <subfield code="y">LIBROS</subfield>
  </datafield>
</record>
